Top 35 Rappers Of All Time - Statistics

General Stats
  • This quiz has been taken 41 times
  • The average score is 16 of 35
Answer Stats
Hint Answer % Correct
34 Chuck D
97%
5 Eminem
90%
29 Pusha T
90%
6 The Notorious B.I.G
90%
4 Tupac Shakur
87%
1 Jay-Z
84%
9 Snoop Dogg
84%
8 Drake
81%
2 Kendrick Lamar
77%
11 Kanye West
74%
18 Ice Cube
71%
7 Lil Wayne
71%
3 Nas
71%
17 50 Cent
65%
10 Nicki Minaj
58%
12 Andre 3000
55%
15 J Cole
52%
14 LL Cool J
35%
21 DMX
32%
35 Future
32%
19 Missy Elliott
32%
13 Rakim
32%
30 Lauryn Hill
29%
25 Method Man
23%
22 Ghostface Killah
19%
26 Big Pun
13%
33 Busta Rhymes
13%
31 Lil Kim
13%
16 Scarface
13%
20 Big Daddy Kane
10%
28 Black Thought
10%
27 Q-Tip
10%
32 T.I
10%
24 KRS-One
6%
23 Kurtis Blow
3%
No matching quizzes found
Score Distribution
Percent of People with Each Score
Percentile by Number Answered
Your Score History
You have not taken this quiz